|
|
|
|
| LEADER |
00000nam a22000007a 4500 |
| 005 |
20171030180457.0 |
| 007 |
cr|||| |||| |
| 008 |
171030s2010 mx |||||s|||| 00||0 spa d |
| 020 |
|
|
|a 978-607-401-272-9
|
| 035 |
|
|
|a 20774
|
| 040 |
|
|
|a vLex
|
| 090 |
|
|
|c 7164
|d 7164
|
| 100 |
1 |
|
|a Navarro Rodrg̕uez, Fidela
|
| 245 |
1 |
3 |
|a Del g̀ora al rating
|h [Recurso electrn̤ico] :
|b La investigacin̤ y medicin̤ de audiencias /
|c Fidela Navarro Rodrg̕uez
|
| 256 |
|
|
|a Servicio en ln̕ea
|
| 260 |
|
|
|a Ciudad de Mx̌ico:
|b Cm̀ara de Diputados,
|c 2010
|
| 300 |
|
|
|a 1 recurso electrn̤ico (210p.)
|
| 506 |
1 |
|
|a Disponible solo en los productos indicados
|d vLex Global
|d vLex Global (Academic Edition, excluding Law Schools)
|d vLex Global (U.S. Academic Edition, Law Schools)
|d vLex Global (U.S. Academic Edition, excluding Law Schools)
|d vLex Global (Academic Edition, Law Schools)
|
| 650 |
0 |
4 |
|a Telecomunicaciones
|z Mx̌ico
|
| 740 |
0 |
|
|a vLex Libros (Servicio en ln̕ea)
|
| 856 |
4 |
0 |
|u http://vlex.com/source/agora-rating-investigacion-medicion-audiencias-20774
|z Acceso restringido
|
| 942 |
|
|
|c BOOK
|
| 999 |
0 |
|
|a Telecommunication
|